000 01185nam a22003017a 4500
003 URS
005 20260406094755.0
008 250909b |||||||| |||| 00| 0 eng d
020 _a978-0-323-88168-5
040 _bEnglish
_cURS
_erda
050 _aQM601
_b.C284 2024
100 _aCarlson, Bruce M.,
_eauthor.
_96462
245 0 _aHuman embryology and developmental biology /
_cBruce M. Carlson.
250 _aSeventh edition.
264 _aSt. Louis, Missouri :
_bElsevier,
_c©2024.
300 _axii, 512 pages :
_bcolour illustrations ;
_c28 cm.
336 _atext
_btxt
_2rdacontent
337 _aunmediated
_bn
_2rdamedia
338 _avolume
_bnc
_2rdacarrier
500 _aIncludes index.
505 _aUnderstanding the aging experience -- Foundations of gerontological nursing -- Fostering connection and gratification -- General care concerns -- Facilitating physiological balance -- Multisystemic disorders -- Gerontological care issues.
650 0 _aEmbryology, Human.
_96463
650 0 _aDevelopmental biology.
_96464
650 0 _aHuman growth.
_96465
700 _aWinton, Mary B.,
_eauthor.
_96359
700 _aMeiner, Sue E.,
_eauthor.
_96461
942 _cR
_2lcc
999 _c86255
_d86253